| 000 | 01183nam0a22003251 4500 | ||
|---|---|---|---|
| 001 | RU\NLR\INFOCOMM_161\5000084768 | ||
| 005 | 20250613100312.0 | ||
| 035 | _a(NLR Aleph) 009334772 | ||
| 090 |
_a9475592 _c9475592 |
||
| 100 | _a20101018d1985 |||y0rusy50 ca | ||
| 101 | 1 |
_afre _crus |
|
| 102 | _aRU | ||
| 105 | _aa ||||000|y | ||
| 200 | 1 |
_aNotre choix: la paix _fVladímir Fédosov, Andréi Fédorov _g[Trad. du russe par Corinne Macaze et Léonide Gourévitch] |
|
| 210 |
_aM. _cProgrès _d1985 |
||
| 215 |
_a100 с. _cил. _d16 см |
||
| 300 | _aНа обороте тит. л.: Мы выбираем мир | ||
| 300 | _aНа обл. авт. не указаны | ||
| 601 | 1 | 2 |
_aВсемирный фестиваль молодежи и студентов _f1985 _eМосква _2nlr_sh1 |
| 686 |
_aТ3(0)63-473.32 _2rubbk |
||
| 686 |
_aФ75(0)011 _2rubbk |
||
| 700 | 1 |
_9z03790 _aFedosov _bV. _gVladimir _4070 |
|
| 701 | 1 |
_9z04790 _aFedorov _bA. _gAndrej _4070 |
|
| 790 | 1 |
_9z03700 _aFédosov _bV. _gVladímir _4070 |
|
| 790 | 1 |
_9z04701 _aFédorov _bA. _gAndréi _4070 |
|
| 801 | 1 |
_aRU _bNLR _c20101018 |
|
| 801 | 0 |
_aRU _bNLR _gPSBO |
|
| 852 |
_aNLR _jИ25 Д-1/335 |
||
| 942 | _cBOOK | ||
| 980 | _aNB | ||